Члены БРИКС - Statistics

General Stats
  • This quiz has been taken 16 times
  • The average score is 7 of 10
Answer Stats
Страна % Correct
Бразилия
100%
Индия
100%
Китай
100%
Россия
100%
ЮАР
82%
Иран
64%
Египет
55%
Индонезия
55%
ОАЭ
45%
Эфиопия
36%
No matching quizzes found
Score Distribution
Percent of People with Each Score
Percentile by Number Answered
Your Score History
You have not taken this quiz